Ч. 2; Вычислительные сети коммутации пакетов

Opis bibliograficzny
Parent link:Вычислительные сети коммутации пакетов: тезисы докладов III Всесоюзной конференции/ Академия наук СССР (АН СССР) ; Латвийская академия наук (ЛАН), Институт электроники и вычислительной техники (ИЭиВТ). Ч. 2.— , 1983
Streszczenie:Авт. указаны на обороте тит. л.
Język:rosyjski
Wydane: 1983
Hasła przedmiotowe:
Format: MixedMaterials Książka
KOHA link:https://koha.lib.tpu.ru/cgi-bin/koha/opac-detail.pl?biblionumber=306645

MARC

LEADER 00000nam2a2200000 4500
001 306645
005 20231102001920.0
020 |a RU  |b 83-68491 
035 |a (RuTPU)RU\TPU\book\331922 
090 |a 306645 
100 |a 20151009d1983 km y0rusy5003 ca 
101 0 |a rus 
102 |a LV 
105 |a a z 101zy 
200 0 |a Ч. 2 
210 |d 1983 
215 |a 243 с. 
300 |a Авт. указаны на обороте тит. л. 
320 |a Библиогр. в конце докл. 
461 1 |0 (RuTPU)RU\TPU\book\373108  |t Вычислительные сети коммутации пакетов  |o тезисы докладов III Всесоюзной конференции  |o в 2 т.  |f Академия наук СССР (АН СССР) ; Латвийская академия наук (ЛАН), Институт электроники и вычислительной техники (ИЭиВТ)  |v Ч. 2  |d 1983 
606 1 |a Вычислительные сети  |x Протоколы  |2 stltpush  |3 (RuTPU)RU\TPU\subj\4245  |9 32537 
610 1 |a пакеты 
610 1 |a коммутация 
610 1 |a конференции 
610 1 |a Рига 
610 1 |a протоколы 
610 1 |a взаимообмен 
610 1 |a технические средства 
610 1 |a программные средства 
610 1 |a построение 
610 1 |a эксплуатация 
610 1 |a услуги 
610 1 |a пользователи 
675 |a 681.324(063)  |z rus  |v 3 
801 0 |a RU  |b RuMRKP  |c 19950704  |g psbo 
801 1 |a RU  |b 63413507  |c 20151009 
801 2 |a RU  |b 63413507  |c 20190718  |g RCR 
942 |c BK